| 000 | 00721nam a2200217 i 4500 | ||
|---|---|---|---|
| 001 | 132984 | ||
| 003 | ES-MaACL | ||
| 005 | 20250806060943.0 | ||
| 007 | t| | ||
| 008 | 070214s1952 sp r ||||1| spa d | ||
| 100 | 1 |
_aRoyo-Villanova Morales, Ricardo, _d1899-1975 _9100240 |
|
| 245 | 1 | 0 |
_aLecciones de Medicina Legal / _cpor los profesores Dr. R. Royo-Villanova, Dr. B. Aznar, Dr. B. Piga. |
| 260 |
_aMadrid : _bMarbán-Benzal, _c1952. |
||
| 300 |
_a2 v. ; _c24 cm. |
||
| 650 | 0 | 7 |
_aMedicina legal _2embne _914928 |
| 700 | 1 |
_aPiga Sánchez-Morate, Bonifacio. _9150960 |
|
| 700 | 1 |
_aAznar, Blas. _924298 |
|
| 852 |
_aES-MaACL _jD-9095-96 _bR.33452 |
||
| 852 |
_aES-MaACL _jC-12232 |
||
| 999 |
_c132984 _d132984 |
||